000 01268nam a2200253Ia 4500
999 _c34472
_d34472
001 221
003 GE_BSU
005 20240610124742.0
008 181216s2003||||ge |||||||||||||| ||geo||
020 _a9992828781
040 _cGE_BSU
041 _ageo
080 _a616-07(075.8) ტ–37
100 _aტატიშვილი, ნუგზარ
_93227
245 _aშინაგან სნეულებათა დიაგნოსტიკა :
_bსახელმძღ. სამედ. უნ-ტის სტუდენტებისათვის /
_cნუგზარ ტატიშვილი, ირაკლი ტატიშვილი; რედ. გ. სიმონია.
264 _aთბილისი :
_b"საქართველოს მაცნეს" გამ-ბა და სტ.,
_c2003.
300 _a349 გვ.;
_bსურ., ცხრ. ;
_c28 სმ.
541 _h20ლ.
653 _aმედიცინა
653 _aშინაგან სნეულებათა დიაგნოსტიკა
700 _aტატიშვილი, ირაკლი
_eავტორი
_922377
700 _aსიმონია, გ.
_eრედაქტორი
_93229
942 _cBK
_2udc